005290000a2200169000450024500990000050000390009965000180013865000210015665000220017765000300019965000200022965000370024965000120028604100140029810000210031277300260033310aAndes pharmaceuticals, INCsun nuevo modelo para la prospección de la diversidad biológica a14aBiodiversidad14aBioprospección14aBiofarmaceútica14aConvenios internacionales14aCumbre de Río14aTransferencia de biotecnología14aEquidad0 aEspañol1 aAsebey, Edgar J.1 tPreprintq50-80d1995